[Event "Europe Echecs online op April"]
[Site "Europe Echecs INT"]
[Date "2020.04.11"]
[Round "3"]
[White "Hamdouchi, Adina Maria"]
[Black "Vaisser, Anatoli"]
[Result "1-0"]
[WhiteElo "2208"]
[BlackElo "2540"]
[PlyCount "81"]
[EventDate "2020.04.11"]
[EventType "swiss (blitz)"]
[EventRounds "11"]
[EventCountry "FRA"]
[SourceTitle "EXT 2021"]
[Source "ChessBase"]
[SourceDate "2020.10.23"]
[SourceVersion "1"]
[SourceVersionDate "2020.10.23"]
[SourceQuality "1"]

1. d4 Nf6 2. Bf4 e6 3. e3 b6 4. Nf3 Bb7 5. Be2 Be7 6. 0-0 0-0 7. c3 c5 8. h3 Nc6 9. Nbd2 cxd4 10. exd4 Nd5 11. Bg3 f5 12. c4 Nf6 13. d5 exd5 14. cxd5 Nxd5 15. Nc4 Nf6 16. Nd6 Bxd6 17. Bxd6 Ne7 18. Bc4+ Kh8 19. Ng5 Rc8 20. Nf7+ Rxf7 21. Bxf7 Ned5 22. Re1 g6 23. Be5 Rc5 24. Rc1 Rxc1 25. Qxc1 Kg7 26. Bxd5 Bxd5 27. Qc3 Be6 28. Rd1 Kf7 29. f4 Ne4 30. Qd4 Qh4 31. Bh8 Qxf4 32. Rf1 Qh4 33. Qe5 d6 34. Qg7+ Ke8 35. Qc7 Qg3 36. Qb8+ Kf7 37. Qxa7+ Ke8 38. Qxb6 Nd2 39. Rf2 Ne4 40. Rf3 Qe1+ 41. Kh2 1-0

[Event "Europe Echecs online op April"]
[Site "Europe Echecs INT"]
[Date "2020.04.11"]
[Round "2"]
[White "Vaisser, Anatoli"]
[Black "Roque, Gaetan"]
[Result "1-0"]
[WhiteElo "2540"]
[BlackElo "2120"]
[PlyCount "83"]
[EventDate "2020.04.11"]
[EventType "swiss (blitz)"]
[EventRounds "11"]
[EventCountry "FRA"]
[SourceTitle "EXT 2021"]
[Source "ChessBase"]
[SourceDate "2020.10.23"]
[SourceVersion "1"]
[SourceVersionDate "2020.10.23"]
[SourceQuality "1"]

1. d4 d5 2. c4 dxc4 3. e3 Nf6 4. Bxc4 e6 5. Nf3 a6 6. a4 b6 7. 0-0 Bb7 8. Nc3 Nbd7 9. Qe2 c5 10. Rd1 Bd6 11. e4 cxd4 12. Rxd4 Qb8 13. Bg5 Ng4 14. h3 Nge5 15. Ba2 Nxf3+ 16. Qxf3 Ne5 17. Qe2 Nc6 18. Rd2 0-0 19. Rad1 Bh2+ 20. Kh1 Bf4 21. Bxf4 Qxf4 22. Rd7 Rab8 23. g3 Qh6 24. Kh2 Ne5 25. Rc7 Rfc8 26. Rxc8+ Rxc8 27. f4 Ng6 28. f5 exf5 29. exf5 Nf8 30. Qe7 Qh5 31. Qxb7 Rxc3 32. Qxf7+ Qxf7 33. Bxf7+ Kxf7 34. bxc3 Ke7 35. Rd4 Nd7 36. Kg2 Nc5 37. Rb4 Kf6 38. g4 Kg5 39. Kg3 a5 40. h4+ Kh6 41. Rxb6+ g6 42. f6 1-0

[Event "WchT Seniors 65"]
[Site "Prague"]
[Date "2020.03.11"]
[Round "6.1"]
[White "Jansa, Vlastimil"]
[Black "Vaisser, Anatoli"]
[Result "0-1"]
[WhiteElo "2439"]
[BlackElo "2495"]
[PlyCount "62"]
[EventDate "2020.03.06"]
[EventType "team-swiss"]
[EventRounds "7"]
[EventCountry "CZE"]
[SourceTitle "CBM 195 Extra"]
[Source "ChessBase"]
[SourceDate "2020.05.31"]
[SourceVersion "1"]
[SourceVersionDate "2020.05.31"]
[SourceQuality "1"]
[WhiteTeam "Czech Republic 65"]
[BlackTeam "France 65"]
[WhiteTeamCountry "CZE"]
[BlackTeamCountry "FRA"]

1. e4 e6 2. d4 d5 3. Nd2 c5 4. Ngf3 Nc6 5. exd5 exd5 6. Bb5 Qe7+ 7. Be2 Qc7 8. 0-0 Nf6 9. Re1 cxd4 10. Nb3 Be7 11. Nbxd4 a6 12. Bg5 0-0 13. c3 h6 14. Bh4 Re8 15. Qb3 Na5 16. Qc2 Bd7 17. Bd3 Nc4 18. Re2 Qb6 19. Rae1 Bc5 20. Qb3 g5 21. Bg3 Rxe2 22. Rxe2 Qxb3 23. axb3 Nb6 24. b4 Bf8 25. h4 g4 26. Ne5 a5 27. bxa5 Rxa5 28. Bf5 Bxf5 29. Nxf5 Nc4 30. Nxc4 dxc4 31. Be5 Nd7 0-1